000 00857nam a2200289Ia 4500
005 20260324150324.0
008 008 260324s9999 xx 000 0 eng d
020 _a9781315666495
037 _aEBOOK
040 _aCRL
040 _beng
040 _cCRL
041 _2eng
041 _aeng
084 _qCRL
100 _aCharles W. Howe; Joseph L. Carroll; Arthur P. Hurter, Jr.; William J. Leininger; Steven G. Ramsey; Nancy L. Schwartz; Eugene Silberberg; Robert M. Steinberg
_91226024
245 0 _aInland Waterway Transportation
245 0 _bStudies in Public and Private Management and Investment Decisions
260 _bTaylor and Francis
260 _c1969
365 _a
365 _b180
856 _uhttp://www.taylorfrancis.com/books/9781315666495
942 _cEBOOK
999 _c1835271
_d1835271